Gaming Quiz

Random Gaming Quiz

L.A. Noire: Trophies Quiz Stats

Quiz not verified by Sporcle

Also try: Condensed Games
Challenge
Share
Tweet
Embed
Score 0/51 Timer 15:00
0 Plays Today
Description Trophy % Correct
Follow Candy Edwards without using cover or incognito, except when starting or picking up the trailThe Moose
88.2%
Rack up $47 000 in penalties during a single story casePublic menace
76.5%
Complete all cases on the Patrol deskPolice academy
70.6%
Complete all cases on the Arson deskMoth to a flame
70.6%
Complete a single street crime caseA cop on every corner
70.6%
Complete all story cases with a five star ratingShamus to the stars
70.6%
At Ray's cafe, find the bloodstained knife on your first sweep of the crime sceneStab-rite
70.6%
Tail a suspect without being spotted, in a single caseThe Shadow
70.6%
Drive every vehicle in the cityAuto fanatic
70.6%
Complete all street crime casesThe long arm of the Law
64.7%
Reach 100% game completionThe City of the Angels
64.7%
Achieve maximum rankThe Brass
64.7%
Stop a fleeing suspect with a warning shot as an LAPD detectiveNot so hasty
64.7%
Kill at least one bad guy with every gunRoscoe and friends
64.7%
Find and inspect 95% of all cluesMagpie
64.7%
Use four intuition points in a single interview session, correctly branching each questionThe Hunch
64.7%
Discover all landmark locations around the cityStar map
64.7%
Complete a brawl without losing your hat as an LAPD detective or investigatorKeep a lid on
64.7%
Drive 5 different vehiclesAuto enthusiast
64.7%
Respond to 20 street crime casesJohnny on the spot
58.8%
Chase down and tackle a fleeing suspect as an LAPD detectiveAsphalt jungle
58.8%
Find and inspect a clue as an LAPD detective or investigatorOne for the File
58.8%
Bring down a total of 30 bad guys with head shotsWooden overcoats
58.8%
Drive 40 different vehiclesAuto collector
58.8%
Complete all cases on the Homicide deskThe Simple art of murder
52.9%
Use evidence to prove a lie as and LAPD detective or investigatorThe Straight dope
52.9%
Description Trophy % Correct
Clear a case finding every clue as an LAPD detective or investigatorGolden boy
52.9%
Find and solve an inspection puzzleThe Plot thickens
52.9%
At the bus shooting, talk Felix Alvarro into giving up the marines involved in the Coolridge heistThe Fighting six
52.9%
Keep the needle above 80mph for more then ten seconds when drivingLead foot
52.9%
Drive more than 194,7 milesMiles on the Clock
52.9%
Find and inspect all gold film reelsHollywoodland
52.9%
Complete all cases on the Traffic deskPaved with good intentions
47.1%
Complete a story case with a five star ratingThe up and up
47.1%
At the Bamba club, get Dick McColl to give up the license plate of Celine Henry's male companionRound heels
47.1%
At Elysian fields, outwit Leland Monroe when discussing his developments or advertising campaignHuckster
47.1%
Shoot and kill a total of 100 bad guysDead men are heavier
47.1%
Correctly branch every question in every interview in a single story caseThe Third degree
47.1%
Complete 'A slip of the tongue'The Printer's devil
47.1%
Find and inspect all of the Marquee-printed pink slipsRacing for pinks
47.1%
Correctly branch every question in the interview with Jean ArcherFemme imbécile
47.1%
Complete all cases on the Vice deskNo rest for the wicked
41.2%
Disable a suspect vehicle with help from your partnerTraffic stop
41.2%
Catch and arrest Cliff Harrison before he is stopped by uniformed backupNowhere in a hurry
41.2%
Find and inspect all of the narcotics in Julia Randall's apartmentA good-looking corpse
41.2%
Escort Heather Swanson to Arnett's apartment without damaging your vehicleChauffeur service
41.2%
Shoot down every letter from the tower at the Broadway hotelGive my regards
41.2%
Collect all other trophies to unlockPlatinum trophy
35.3%
Complete 'The Naked city'Eight million stories
35.3%
Tail Henry Arnett from Hollywood station to the pawnbroker and travel agency without being spottedFakeloo
35.3%
During the Industrial Street raid, kill a goon by shooting the hanging engine blockChop chop
17.6%

You're not logged in!

Compare scores with friends on all Sporcle quizzes.
Join for Free
OR
Log In

You Might Also Like...

Show Comments

Extras

Created Jun 6, 2011ReportNominate
Tags:description, trophy

Top Quizzes Today


Score Distribution

Your Account Isn't Verified!

In order to create a playlist on Sporcle, you need to verify the email address you used during registration. Go to your Sporcle Settings to finish the process.

Report this User

Report this user for behavior that violates our Community Guidelines.

Details: